Doing multicultural education for achievement and equity

Guardat en:
Dades bibliogràfiques
Autor principal: GRANT, Carl A. SLEETER, Christine E.
Format: Llibre
Idioma:anglès
Publicat: Routledge 2007
Etiquetes: Afegir etiqueta
Sense etiquetes, Sigues el primer a etiquetar aquest registre!

MARC

LEADER 00000nam a22000007a 4500
008 211124b ||||| |||| 00| 0 eng d
020 |a 9780415951845 
100 |a GRANT, Carl A.  |a SLEETER, Christine E. 
245 |a Doing multicultural education for achievement and equity  |c Carl A. Grant and Christine E. Sleeter  |g xi,267p.:ill. 
260 |b Routledge  |c 2007  |h New York  |i 656884  |l LC1099.3.G76  |m Multicultural education--United States  |m Educational equalization--United States  |m Student teachers--Training of--United States 
500 |a It includes index and references 
942 |a lcc  |c BK  |e Kuteyi, M. A.  |f 24/11/2021 
952 |0 0  |1 0  |2 lcc  |4 0  |6 LC10993 G76  |7 0  |9 3919  |a HOL  |b HOL  |c LP  |d 2021-11-24  |l 0  |o LC1099.3.G76  |p 2021-67642  |r 2021-11-24 00:00:00  |w 2021-11-24  |y BK 
999 |c 1958  |d 1958